[Event "SV Dinslaken 1 - SF Lieme 1"]
[Site "Oberliga NRW 2014/2015"]
[Date "2015.03.22"]
[Round "8.1"]
[White "Wittke, Rene"]
[Black "Sielecki, Christof"]
[Result "0-1"]
[WhiteElo "2169"]
[BlackElo "2430"]
[PlyCount "82"]
[EventDate "2015.??.??"]
[WhiteTeam "SF Lieme 1"]
[BlackTeam "SV Dinslaken 1"]

1. c4 e6 2. Nc3 d5 3. d4 Be7 4. Qc2 c5 5. cxd5 exd5 6. e4 dxe4 7. dxc5 Nf6 8.
Be3 O-O 9. Rd1 Qa5 10. a3 Nc6 11. Nge2 Ng4 12. Nd4 Nxe3 13. fxe3 Qxc5 14. Nxe4
Qxc2 15. Nxc2 Bf5 16. Bd3 Rfd8 17. Nf2 Be6 18. Rd2 Bf6 19. O-O Bxb2 20. Rb1 Bc3
21. Rdd1 Na5 22. Ne4 Bf6 23. Nxf6+ gxf6 24. Nd4 Rac8 25. Rdc1 Rxc1+ 26. Rxc1
Rc8 27. Rxc8+ Bxc8 28. Kf2 Bd7 29. Kf3 Nc6 30. Ke4 Ne5 31. Be2 Kf8 32. Kd5 Ke7
33. h3 Be6+ 34. Nxe6 fxe6+ 35. Kc5 Nd7+ 36. Kd4 Kd6 37. Bd3 h6 38. Bc2 Nc5 39.
g4 e5+ 40. Kc4 a6 41. a4 Nxa4 0-1

[Event "SV Dinslaken 1 - SF Lieme 1"]
[Site "Oberliga NRW 2014/2015"]
[Date "2015.03.22"]
[Round "8.2"]
[White "Trella, Thomas"]
[Black "Schmitz, Philipp"]
[Result "1/2-1/2"]
[WhiteElo "2378"]
[BlackElo "2126"]
[PlyCount "43"]
[EventDate "2015.??.??"]
[WhiteTeam "SV Dinslaken 1"]
[BlackTeam "SF Lieme 1"]

1. Nf3 Nf6 2. c4 c5 3. g3 Nc6 4. Bg2 d5 5. cxd5 Nxd5 6. O-O e5 7. Nc3 Be6 8. d3
Be7 9. a4 O-O 10. Nxd5 Bxd5 11. Bd2 Nd4 12. Bc3 Nxf3+ 13. Bxf3 Bxf3 14. exf3
Qd5 15. Re1 Bf6 16. Re3 Rfe8 17. Qe2 Re6 18. Re1 Rae8 19. Re4 h6 20. h4 Rd8 21.
Re3 b6 22. Kg2 1/2-1/2

[Event "SV Dinslaken 1 - SF Lieme 1"]
[Site "Oberliga NRW 2014/2015"]
[Date "2015.03.22"]
[Round "8.3"]
[White "Essing, Arnold"]
[Black "Kern, Guido"]
[Result "0-1"]
[WhiteElo "2162"]
[BlackElo "2295"]
[PlyCount "94"]
[EventDate "2015.??.??"]
[WhiteTeam "SF Lieme 1"]
[BlackTeam "SV Dinslaken 1"]

1. d4 e6 2. Nf3 Nf6 3. c4 Bb4+ 4. Bd2 Qe7 5. g3 Bxd2+ 6. Nbxd2 d6 7. Bg2 e5 8.
e4 O-O 9. O-O Bg4 10. Qb3 Bxf3 11. Nxf3 c5 12. dxe5 dxe5 13. Nh4 g6 14. f4 Nc6
15. fxe5 Nxe5 16. Nf3 Rad8 17. Nxe5 Qxe5 18. Qf3 Kg7 19. b3 Rd4 20. Rae1 Re8
21. Re2 Re7 22. Rfe1 Ne8 23. Bh3 Nd6 24. Bg2 f6 25. Qe3 Nf7 26. Rd2 Red7 27.
Rf2 Rd1 28. Rxd1 Rxd1+ 29. Rf1 Rd6 30. Qf4 b6 31. Qg4 Rd2 32. Qf3 Rxa2 33. Qd3
Qb2 34. Qf3 Ng5 35. Qf2 Qxf2+ 36. Rxf2 Ra1+ 37. Rf1 Ra3 38. Rd1 Ne6 39. Rd7+
Kh6 40. Rd6 Nd4 41. Rxf6 Rxb3 42. Rf7 a5 43. Ra7 Nc6 44. Rc7 a4 45. e5 Rb1+ 46.
Kf2 Rb2+ 47. Kf1 Nxe5 0-1

[Event "SV Dinslaken 1 - SF Lieme 1"]
[Site "Oberliga NRW 2014/2015"]
[Date "2015.03.22"]
[Round "8.4"]
[White "Mundorf, Johannes"]
[Black "Himpenmacher, Andy"]
[Result "0-1"]
[WhiteElo "2250"]
[BlackElo "2115"]
[PlyCount "66"]
[EventDate "2015.??.??"]
[WhiteTeam "SV Dinslaken 1"]
[BlackTeam "SF Lieme 1"]

1. Nf3 Nf6 2. g3 e6 3. Bg2 d5 4. O-O Be7 5. c4 O-O 6. b3 c5 7. Bb2 Nc6 8. e3
dxc4 9. bxc4 Qc7 10. Nc3 a6 11. Qe2 b6 12. Rab1 Bb7 13. Ba1 Rab8 14. Ne1 Na5
15. f4 Bxg2 16. Nxg2 Rfd8 17. Rfd1 Qc6 18. a4 Ne8 19. f5 exf5 20. d3 Bf8 21.
Nd5 b5 22. axb5 axb5 23. Ngf4 bxc4 24. dxc4 Qa4 25. Rxb8 Rxb8 26. Be5 Rb3 27.
Ra1 Ra3 28. Rxa3 Qxa3 29. Qc2 Nc6 30. Qxf5 Qc1+ 31. Kg2 Qxc4 32. Qc8 Qe4+ 33.
Kf2 Nxe5 0-1

[Event "SV Dinslaken 1 - SF Lieme 1"]
[Site "Oberliga NRW 2014/2015"]
[Date "2015.03.22"]
[Round "8.5"]
[White "Schaffarczyk, Andre"]
[Black "Stillger, Bernhard"]
[Result "0-1"]
[WhiteElo "2115"]
[BlackElo "2188"]
[PlyCount "88"]
[EventDate "2015.??.??"]
[WhiteTeam "SF Lieme 1"]
[BlackTeam "SV Dinslaken 1"]

1. e4 g6 2. d4 Bg7 3. Nc3 c6 4. f4 d5 5. e5 Nh6 6. Nf3 f6 7. Be3 O-O 8. h3 Qb6
9. Na4 Qa5+ 10. c3 Nd7 11. b4 Qc7 12. Be2 b5 13. Nb2 a5 14. a4 axb4 15. cxb4
Nb6 16. O-O Nc4 17. Nxc4 bxc4 18. g4 Nf7 19. Qd2 Bd7 20. Bd1 g5 21. exf6 exf6
22. Bc2 h6 23. Kg2 Rae8 24. Rae1 Nd6 25. Bg1 Ne4 26. Bxe4 dxe4 27. Nh2 Be6 28.
f5 Bd5 29. Be3 Rf7 30. Ra1 Bf8 31. Rfb1 Rb8 32. Nf1 Qd6 33. b5 Rfb7 34. Qa5
cxb5 35. Rxb5 Rxb5 36. axb5 Qb4 37. Qxb4 Bxb4 38. Kf2 Rxb5 39. Ra2 Ra5 40. Rxa5
Bxa5 41. Bc1 c3 42. Ng3 c2 43. Ke3 Bc7 44. Ne2 Bc4 0-1

[Event "SV Dinslaken 1 - SF Lieme 1"]
[Site "Oberliga NRW 2014/2015"]
[Date "2015.03.22"]
[Round "8.6"]
[White "Ossig, Rainer"]
[Black "Eckardt, Joshua"]
[Result "1-0"]
[WhiteElo "2125"]
[BlackElo "2101"]
[PlyCount "65"]
[EventDate "2015.??.??"]
[WhiteTeam "SV Dinslaken 1"]
[BlackTeam "SF Lieme 1"]

1. Nf3 Nf6 2. g3 d5 3. Bg2 g6 4. b3 Bg7 5. Bb2 O-O 6. c4 c6 7. O-O Qb6 8. Qc2
Bg4 9. d3 Nbd7 10. Ne5 Nxe5 11. Bxe5 dxc4 12. bxc4 Qa5 13. Qb2 Rad8 14. h3 Bc8
15. Nd2 Ne8 16. Bxg7 Nxg7 17. Nb3 Qh5 18. g4 Qh4 19. Nd2 Ne6 20. Qe5 Nd4 21.
Rae1 f5 22. e3 Ne6 23. Nf3 Qh6 24. d4 fxg4 25. hxg4 Rf7 26. Qg3 g5 27. Ne5 Rf6
28. Be4 Nf8 29. Kg2 Qg7 30. Rh1 Ng6 31. Bxg6 hxg6 32. Rh3 c5 33. Reh1 1-0

[Event "SV Dinslaken 1 - SF Lieme 1"]
[Site "Oberliga NRW 2014/2015"]
[Date "2015.03.22"]
[Round "8.7"]
[White "Stork, Holger"]
[Black "Walter, Andreas"]
[Result "1/2-1/2"]
[WhiteElo "2051"]
[BlackElo "2117"]
[PlyCount "103"]
[EventDate "2015.??.??"]
[WhiteTeam "SF Lieme 1"]
[BlackTeam "SV Dinslaken 1"]

1. e4 c5 2. Nc3 d6 3. g3 Nc6 4. Bg2 g6 5. d3 Bg7 6. f4 e6 7. Nf3 Nge7 8. O-O
O-O 9. Be3 b6 10. Qd2 d5 11. exd5 exd5 12. Bf2 d4 13. Ne2 Be6 14. c3 dxc3 15.
bxc3 Qd6 16. Rad1 Rad8 17. Rfe1 Bf5 18. d4 c4 19. Qb2 Be4 20. Nc1 f5 21. Ng5
Bxg2 22. Kxg2 Qd5+ 23. Kg1 Rf6 24. Qe2 Rdd6 25. Nf3 Rde6 26. Ne5 b5 27. a4 a6
28. axb5 axb5 29. Qa2 Rf8 30. Nxc6 Qxc6 31. Rxe6 Qxe6 32. Re1 Qd7 33. Nd3 Nd5
34. Nc5 Qc6 35. Qb2 Re8 36. Rxe8+ Qxe8 37. Qa3 Bf8 38. Qb2 Qc6 39. Qd2 Qe8 40.
Qb2 Bd6 41. Qd2 Bc7 42. Na6 Ba5 43. Nb4 Bxb4 44. cxb4 Qe7 45. Qa2 Kg7 46. Qa6
Qd7 47. Qa3 Kh6 48. Qa8 Kg7 49. Qa3 Qc6 50. Qa7+ Qc7 51. Qa8 Qd7 52. Qa3
1/2-1/2

[Event "SV Dinslaken 1 - SF Lieme 1"]
[Site "Oberliga NRW 2014/2015"]
[Date "2015.03.22"]
[Round "8.8"]
[White "Cebulla, Konstantin"]
[Black "Hueck, Marvin Constantin"]
[Result "1-0"]
[WhiteElo "2056"]
[BlackElo "1494"]
[PlyCount "80"]
[EventDate "2015.??.??"]
[WhiteTeam "SV Dinslaken 1"]
[BlackTeam "SF Lieme 1"]

1. d4 Nf6 2. c4 e6 3. g3 d5 4. Bg2 Be7 5. Nf3 O-O 6. O-O Nbd7 7. Qc2 Re8 8.
Nbd2 c6 9. Rd1 Bf8 10. e4 dxe4 11. Nxe4 Nxe4 12. Qxe4 Nf6 13. Qc2 h6 14. Bf4
Qb6 15. c5 Qd8 16. b4 Nd5 17. Qd2 Bd7 18. h4 a5 19. a3 axb4 20. axb4 b5 21. Ne5
Qe7 22. h5 Rec8 23. Re1 Qd8 24. Nd3 Rxa1 25. Rxa1 Ra8 26. Qb2 Qc8 27. Ra3 Qb7
28. Qa1 Rxa3 29. Qxa3 Be7 30. Qa5 Nxf4 31. Nxf4 Bf6 32. Nd3 Bxd4 33. Qd8+ Kh7
34. Qe7 Kg8 35. Qd8+ Kh7 36. Qf8 Bc8 37. Qd6 Bf6 38. Be4+ g6 39. hxg6+ fxg6 40.
Nf4 Qd7 1-0

[Event "SVG Plettenberg 1 - SG Porz 2"]
[Site "Oberliga NRW 2014/2015"]
[Date "2015.03.22"]
[Round "8.1"]
[White "Miedema, David"]
[Black "Szabo, Gergely-Andras-Gyul"]
[Result "1/2-1/2"]
[WhiteElo "2362"]
[BlackElo "2542"]
[PlyCount "58"]
[EventDate "2015.??.??"]
[WhiteTeam "SG Porz 2"]
[BlackTeam "SVG Plettenberg 1"]

1. d4 Nf6 2. c4 e6 3. Nc3 Bb4 4. Qc2 O-O 5. Nf3 c5 6. dxc5 Na6 7. c6 bxc6 8. a3
Bxc3+ 9. Qxc3 Nc5 10. g3 a5 11. Bg2 a4 12. Be3 Nfe4 13. Qc2 Nb3 14. Rd1 Qa5+
15. Nd2 Nexd2 16. Bxd2 Nxd2 17. Rxd2 d5 18. O-O Ba6 19. cxd5 cxd5 20. Rd4 Rfc8
21. Qd2 Qxd2 22. Rxd2 Rab8 23. Re1 g6 24. e4 dxe4 25. Bxe4 Rb3 26. Red1 Kg7 27.
h4 Rcb8 28. Bc6 Rxb2 29. Bxa4 e5 1/2-1/2

[Event "SVG Plettenberg 1 - SG Porz 2"]
[Site "Oberliga NRW 2014/2015"]
[Date "2015.03.22"]
[Round "8.2"]
[White "Haub, Thorsten Michael"]
[Black "Peschlow, Patrick"]
[Result "1-0"]
[WhiteElo "2349"]
[BlackElo "2324"]
[PlyCount "77"]
[EventDate "2015.??.??"]
[WhiteTeam "SVG Plettenberg 1"]
[BlackTeam "SG Porz 2"]

1. g3 g6 2. Bg2 Bg7 3. e4 c5 4. c3 Nc6 5. d3 d6 6. Nf3 e5 7. O-O Nge7 8. Nbd2
O-O 9. Nh4 Be6 10. f4 Qd7 11. Ndf3 d5 12. Qc2 f6 13. fxe5 dxe4 14. dxe4 Nxe5
15. Nxe5 fxe5 16. Be3 Qc7 17. Rxf8+ Rxf8 18. Nf3 h6 19. Nd2 Nc8 20. Nf1 Rd8 21.
Bf2 b5 22. Ne3 Nb6 23. Nd5 Nxd5 24. exd5 Bxd5 25. Bxd5+ Rxd5 26. Qxg6 Qd7 27.
Re1 Rd2 28. Rxe5 Rd1+ 29. Re1 Qd2 30. Qe6+ Kh7 31. Qe4+ Kh8 32. Rxd1 Qxd1+ 33.
Kg2 Qd2 34. Qe8+ Kh7 35. Qxb5 Qd5+ 36. Kg1 Qxa2 37. Qb7 Qa5 38. Kg2 Kh8 39.
Qc8+ 1-0

[Event "SVG Plettenberg 1 - SG Porz 2"]
[Site "Oberliga NRW 2014/2015"]
[Date "2015.03.22"]
[Round "8.3"]
[White "Gallinnis, Norbert"]
[Black "Bosch, Jeroen"]
[Result "0-1"]
[WhiteElo "2222"]
[BlackElo "2342"]
[PlyCount "80"]
[EventDate "2015.??.??"]
[WhiteTeam "SG Porz 2"]
[BlackTeam "SVG Plettenberg 1"]

1. e4 c5 2. Na3 Nc6 3. Nf3 d6 4. g3 Nf6 5. d3 g6 6. Bg2 Bg7 7. O-O O-O 8. c3
Rb8 9. Nc2 e5 10. Ne3 Ne8 11. a3 Be6 12. b4 b6 13. b5 Ne7 14. d4 Nc7 15. a4 h6
16. dxe5 dxe5 17. Qc2 f5 18. exf5 gxf5 19. Bh3 Qe8 20. Nh4 Qf7 21. f4 e4 22.
Bb2 Rbd8 23. Qe2 Rd3 24. Ra3 Rfd8 25. Rd1 c4 26. Qe1 Ncd5 27. Nxd5 R8xd5 28.
Raa1 Qh5 29. Rxd3 cxd3 30. Bc1 Rc5 31. Bd2 Nd5 32. Rc1 Rc4 33. Bf1 Qf7 34. Ng2
Qd7 35. Kh1 Bf7 36. h3 Qc7 37. g4 Bxc3 38. gxf5 Bxd2 39. Rxc4 Bxe1 40. Rxc7
Nxc7 0-1

[Event "SVG Plettenberg 1 - SG Porz 2"]
[Site "Oberliga NRW 2014/2015"]
[Date "2015.03.22"]
[Round "8.4"]
[White "Klip, Hans"]
[Black "Wagenknecht, Uwe"]
[Result "1/2-1/2"]
[WhiteElo "2316"]
[BlackElo "2148"]
[PlyCount "75"]
[EventDate "2015.??.??"]
[WhiteTeam "SVG Plettenberg 1"]
[BlackTeam "SG Porz 2"]

1. e4 c5 2. Nf3 g6 3. d4 cxd4 4. Qxd4 Nf6 5. e5 Nc6 6. Qa4 Nd5 7. Qe4 Ndb4 8.
Bb5 Bg7 9. c3 Na6 10. O-O Nc7 11. Ba4 Ne6 12. Re1 Nc5 13. Qc4 Nxa4 14. Qxa4 Qa5
15. Qh4 h6 16. Nbd2 Qd5 17. Ne4 Kf8 18. b3 g5 19. Qh5 Nxe5 20. Nxe5 Bxe5 21. f4
Bg7 22. Ba3 d6 23. Rad1 Qf5 24. Rxd6 Be6 25. Ng3 Qc2 26. Rdd1 gxf4 27. Ne4 Qxa2
28. Bxe7+ Kxe7 29. Qc5+ Ke8 30. Qc7 Qxb3 31. Rd6 Be5 32. Rxe6+ Qxe6 33. Nd6+
Bxd6 34. Rxe6+ fxe6 35. Qxd6 Kf7 36. Qxf4+ Ke7 37. Qc7+ Kf6 38. Qf4+ 1/2-1/2

[Event "SVG Plettenberg 1 - SG Porz 2"]
[Site "Oberliga NRW 2014/2015"]
[Date "2015.03.22"]
[Round "8.5"]
[White "Xu, Xianliang"]
[Black "Bouaraba, Max"]
[Result "1/2-1/2"]
[WhiteElo "2129"]
[BlackElo "2192"]
[PlyCount "42"]
[EventDate "2015.??.??"]
[WhiteTeam "SG Porz 2"]
[BlackTeam "SVG Plettenberg 1"]

1. e4 c5 2. c3 Nf6 3. e5 Nd5 4. d4 cxd4 5. Nf3 e6 6. cxd4 d6 7. a3 Be7 8. Bd3
O-O 9. O-O Nc6 10. Qe2 Bd7 11. Qe4 f5 12. exf6 Nxf6 13. Qe2 Qe8 14. Nc3 Qh5 15.
Bf4 Nd5 16. Nxd5 exd5 17. Qd2 g5 18. Be3 Rxf3 19. gxf3 Bh3 20. Rfe1 Qxf3 21.
Bf1 Qg4+ 1/2-1/2

[Event "SVG Plettenberg 1 - SG Porz 2"]
[Site "Oberliga NRW 2014/2015"]
[Date "2015.03.22"]
[Round "8.6"]
[White "Schulze, Marc"]
[Black "Liard, Thibaud"]
[Result "1/2-1/2"]
[WhiteElo "2072"]
[BlackElo "2131"]
[Annotator "Hausrath,Daniel"]
[PlyCount "91"]
[EventDate "2015.??.??"]
[WhiteTeam "SVG Plettenberg 1"]
[BlackTeam "SG Porz 2"]

1. d4 d5 2. Bf4 Nf6 3. Nf3 c5 4. e3 Nc6 5. c3 Qb6 6. Qb3 c4 7. Qc2 Bf5 8. Qc1
e6 9. Be2 Be7 10. Nbd2 Qd8 11. O-O h6 12. h3 O-O 13. Re1 b5 14. a3 a5 15. Bd1
Bd6 16. Bxd6 Qxd6 17. Bc2 b4 18. axb4 axb4 19. e4 Nxe4 20. Bxe4 Bxe4 21. Nxe4
dxe4 22. Nd2 Qd5 23. Rxe4 Rxa1 24. Qxa1 e5 25. b3 bxc3 26. Qxc3 cxb3 27. Qxb3
Qxb3 28. Nxb3 exd4 29. Nxd4 $11 f5 30. Rh4 g5 31. Rxh6 Nxd4 32. Rg6+ Kf7 33.
Rxg5 Kf6 34. Rh5 Rc8 35. Rh6+ Ke5 36. g3 Rc2 37. Rh8 Nf3+ 38. Kg2 Ne1+ 39. Kf1
Nf3 40. Kg2 Ng5 41. Re8+ Kf6 42. Rf8+ Ke5 43. g4 fxg4 44. hxg4 Ne4 45. Rf5+ Ke6
46. Rf4 1/2-1/2

[Event "SVG Plettenberg 1 - SG Porz 2"]
[Site "Oberliga NRW 2014/2015"]
[Date "2015.03.22"]
[Round "8.7"]
[White "Heedt, Thorsten"]
[Black "Pieper, Dawid"]
[Result "1/2-1/2"]
[WhiteElo "2092"]
[BlackElo "2134"]
[PlyCount "50"]
[EventDate "2015.??.??"]
[WhiteTeam "SG Porz 2"]
[BlackTeam "SVG Plettenberg 1"]

1. c4 e5 2. g3 Nf6 3. Nc3 Bb4 4. d3 O-O 5. Bd2 c6 6. Bg2 d5 7. Nf3 Re8 8. O-O
a5 9. cxd5 cxd5 10. Rc1 Nc6 11. a3 Bxc3 12. Bxc3 d4 13. Bd2 Qb6 14. b4 axb4 15.
axb4 h6 16. Rb1 Ra2 17. Ra1 Rxa1 18. Qxa1 e4 19. dxe4 Nxe4 20. Be1 Nd6 21. e3
dxe3 22. fxe3 Qxe3+ 23. Bf2 Qb3 24. Rb1 Qc2 25. b5 Nd8 1/2-1/2

[Event "SVG Plettenberg 1 - SG Porz 2"]
[Site "Oberliga NRW 2014/2015"]
[Date "2015.03.22"]
[Round "8.8"]
[White "Kuhnen, Thomas"]
[Black "Thiemonds, Uli"]
[Result "1-0"]
[WhiteElo "2056"]
[BlackElo "2062"]
[PlyCount "47"]
[EventDate "2015.??.??"]
[WhiteTeam "SVG Plettenberg 1"]
[BlackTeam "SG Porz 2"]

1. e4 e6 2. d4 d5 3. Nc3 Bb4 4. e5 c5 5. a3 Bxc3+ 6. bxc3 Nc6 7. Qg4 Nge7 8.
Qxg7 Rg8 9. Qxh7 cxd4 10. Nf3 Qc7 11. Qd3 Nxe5 12. Qxd4 Nxf3+ 13. gxf3 Nf5 14.
Qf6 Rg6 15. Qh8+ Ke7 16. a4 Bd7 17. Ba3+ Nd6 18. Qh4+ Kf8 19. Bd3 Qxc3+ 20. Ke2
Kg7 21. Bxd6 Re8 22. Ra3 Qc6 23. Bxg6 Qxd6 24. Qh7+ 1-0

[Event "SV Wattenscheid 1 - Klub Kölner SF 1"]
[Site "Oberliga NRW 2014/2015"]
[Date "2015.03.22"]
[Round "8.1"]
[White "Morawietz, Dieter"]
[Black "Mladenov, Svetlin"]
[Result "1-0"]
[WhiteElo "2390"]
[BlackElo "2439"]
[PlyCount "103"]
[EventDate "2015.??.??"]
[WhiteTeam "Klub Kölner SF 1"]
[BlackTeam "SV Wattenscheid 1"]

1. e4 c5 2. Nf3 e6 3. d4 cxd4 4. Nxd4 Nc6 5. Nc3 Qc7 6. Be2 a6 7. O-O Nf6 8.
Be3 Be7 9. f4 d6 10. Kh1 O-O 11. a4 Re8 12. Bf3 Rb8 13. g4 Nxd4 14. Bxd4 e5 15.
fxe5 dxe5 16. Ba7 Ra8 17. g5 Rd8 18. Qe2 Ne8 19. Be3 Be6 20. Bg4 Qc6 21. Bxe6
fxe6 22. Qg4 g6 23. Qg3 Nd6 24. Nd5 exd5 25. Qxe5 Nc4 26. Qxe7 Rd7 27. Qc5 Qe6
28. Rf4 d4 29. Bf2 d3 30. cxd3 Rxd3 31. Re1 Rc8 32. Qb4 Ne5 33. Rf1 Rdd8 34.
Rf6 Qg4 35. Bg3 Nc4 36. Qe7 Re8 37. Qf7+ Kh8 38. R6f4 Qe6 39. Rh4 h5 40. gxh6
Qxf7 41. Rxf7 g5 42. Rh5 Ne3 43. Bc7 g4 44. Rg5 Re6 45. b3 Rd6 46. h3 Rd1+ 47.
Kh2 g3+ 48. Kxg3 Rg1+ 49. Kh4 Ng2+ 50. Rxg2 Rxg2 51. Be5+ Kg8 52. Rxb7 1-0

[Event "SV Wattenscheid 1 - Klub Kölner SF 1"]
[Site "Oberliga NRW 2014/2015"]
[Date "2015.03.22"]
[Round "8.2"]
[White "Tereick, Benjamin"]
[Black "Helbig, Mark"]
[Result "1/2-1/2"]
[WhiteElo "2421"]
[BlackElo "2264"]
[PlyCount "91"]
[EventDate "2015.??.??"]
[WhiteTeam "SV Wattenscheid 1"]
[BlackTeam "Klub Kölner SF 1"]

1. Nf3 e6 2. c4 Nf6 3. g3 d5 4. Bg2 dxc4 5. Qc2 Nbd7 6. Na3 Bxa3 7. bxa3 c5 8.
Qxc4 O-O 9. O-O a6 10. a4 b5 11. Qc2 Bb7 12. Bb2 Qb6 13. Rfb1 Rfc8 14. axb5
axb5 15. d3 h6 16. a4 c4 17. Bd4 Qd6 18. Bxf6 Nxf6 19. axb5 Rxa1 20. Rxa1 c3
21. Ra4 Bd5 22. Nd4 Bxg2 23. Kxg2 Nd5 24. Nc6 Qc5 25. e4 Qxb5 26. Nd4 Nb4 27.
Qb3 Qxd3 28. Rxb4 Qxe4+ 29. f3 Qe1 30. Rb8 Rxb8 31. Qxb8+ Kh7 32. Qf4 Kg8 33.
Qb8+ Kh7 34. Qf4 Kg8 35. Qe4 Qd2+ 36. Kh3 g6 37. g4 Kh7 38. Kg3 Qd1 39. Kf2
Qd2+ 40. Kg3 Kg7 41. Nb3 Qb2 42. Qe5+ Kg8 43. Nc5 Qc1 44. Nxe6 Qg1+ 45. Kh3
Qf1+ 46. Kg3 1/2-1/2

[Event "SV Wattenscheid 1 - Klub Kölner SF 1"]
[Site "Oberliga NRW 2014/2015"]
[Date "2015.03.22"]
[Round "8.3"]
[White "Wacker, Peter"]
[Black "Hopman, Pieter"]
[Result "0-1"]
[WhiteElo "2282"]
[BlackElo "2325"]
[PlyCount "168"]
[EventDate "2015.??.??"]
[WhiteTeam "Klub Kölner SF 1"]
[BlackTeam "SV Wattenscheid 1"]

1. e4 d6 2. d4 Nf6 3. Nc3 e5 4. dxe5 dxe5 5. Qxd8+ Kxd8 6. Bc4 Bb4 7. Bd2 Ke7
8. Nge2 c6 9. f3 Bc5 10. a3 b5 11. Bb3 Nbd7 12. Nd1 a5 13. Ne3 Nb6 14. Nc1 Bd6
15. Nd3 Rd8 16. a4 b4 17. Nc4 Nxc4 18. Bxc4 Nd7 19. Be3 Rb8 20. b3 Nb6 21. Nb2
Bc7 22. Bc5+ Kf6 23. Rd1 Rxd1+ 24. Kxd1 Nxc4 25. Nxc4 Ba6 26. Ne3 Ke6 27. Kc1
g6 28. Re1 h5 29. h4 Rg8 30. c3 bxc3 31. Kc2 f5 32. Nc4 Bxc4 33. bxc4 Bd6 34.
Bf2 Rb8 35. Rb1 Bb4 36. Re1 f4 37. Rh1 Rd8 38. Rd1 Rg8 39. Rh1 g5 40. hxg5 Rxg5
41. Rh2 Kd6 42. Bh4 Rg7 43. Be1 Rh7 44. Bxc3 h4 45. c5+ Bxc5 46. Bxa5 Bd4 47.
Bc3 c5 48. Be1 c4 49. Rxh4 Rb7 50. Bc3 Rb3 51. Bxd4 exd4 52. Rh5 Kc6 53. Rd5
Rc3+ 54. Kb2 Rd3 55. Kc2 Rc3+ 56. Kb2 Rb3+ 57. Kc2 d3+ 58. Kd2 Rb2+ 59. Kc3
Rc2+ 60. Kb4 d2 61. Rc5+ Kd6 62. Rd5+ Ke6 63. a5 c3 64. a6 Rc1 65. a7 c2 66.
a8=Q Rb1+ 67. Ka4 Ra1+ 68. Kb3 c1=N+ 69. Kc2 Rxa8 70. Rxd2 Rc8+ 71. Kd1 Nb3 72.
Rd5 Rc1+ 73. Ke2 Rc2+ 74. Kd1 Rxg2 75. Rf5 Rg1+ 76. Ke2 Nd4+ 77. Kf2 Nxf5 78.
exf5+ Kxf5 79. Kxg1 Ke5 80. Kf2 Kd4 81. Ke2 Kc3 82. Kf1 Kd3 83. Kf2 Kd2 84. Kf1
Ke3 0-1

[Event "SV Wattenscheid 1 - Klub Kölner SF 1"]
[Site "Oberliga NRW 2014/2015"]
[Date "2015.03.22"]
[Round "8.4"]
[White "Straeter, Timo"]
[Black "Zuse, Peter"]
[Result "1/2-1/2"]
[WhiteElo "2284"]
[BlackElo "2243"]
[PlyCount "99"]
[EventDate "2015.??.??"]
[WhiteTeam "SV Wattenscheid 1"]
[BlackTeam "Klub Kölner SF 1"]

1. d4 Nf6 2. Nf3 g6 3. Bg5 Bg7 4. Nbd2 d5 5. e3 O-O 6. Bd3 c5 7. c3 Qb6 8. Rb1
cxd4 9. cxd4 Bd7 10. O-O Bb5 11. Bxb5 Qxb5 12. Bxf6 Bxf6 13. Qb3 Qd7 14. Rfc1
Nc6 15. Qb5 Rac8 16. Nb3 b6 17. Rc3 Rc7 18. Rbc1 Rfc8 19. h3 Qd6 20. a3 e6 21.
Nbd2 Kg7 22. g3 h6 23. Kg2 Kh7 24. h4 h5 25. Qa4 e5 26. dxe5 Nxe5 27. Rxc7 Rxc7
28. Rxc7 Qxc7 29. Qb5 Qc6 30. Nd4 Qxb5 31. Nxb5 Nc6 32. b3 Kg7 33. Kf3 Bb2 34.
a4 Kf6 35. Ke2 Ke6 36. Nf3 Kd7 37. Kd3 a6 38. Nbd4 Nxd4 39. Nxd4 Ba3 40. Nf3
Bb2 41. Ng1 Kd6 42. Ne2 Kc5 43. Ng1 Kb4 44. Kc2 Bf6 45. Ne2 Kc5 46. Nf4 Kc6 47.
Nd3 a5 48. Nf4 Be5 49. Nd3 Bf6 50. Nf4 1/2-1/2

[Event "SV Wattenscheid 1 - Klub Kölner SF 1"]
[Site "Oberliga NRW 2014/2015"]
[Date "2015.03.22"]
[Round "8.5"]
[White "Ludwig, Peter"]
[Black "Schoorl, Rob"]
[Result "1/2-1/2"]
[WhiteElo "2177"]
[BlackElo "2293"]
[PlyCount "92"]
[EventDate "2015.??.??"]
[WhiteTeam "Klub Kölner SF 1"]
[BlackTeam "SV Wattenscheid 1"]

1. Nf3 f5 2. g3 Nf6 3. Bg2 g6 4. O-O Bg7 5. c4 O-O 6. Nc3 d6 7. Rb1 e5 8. d3
Nc6 9. Bg5 h6 10. Bxf6 Qxf6 11. Nd5 Qd8 12. b4 Ne7 13. Nd2 c6 14. Nxe7+ Qxe7
15. b5 c5 16. a4 g5 17. a5 Rb8 18. e3 e4 19. dxe4 f4 20. exf4 gxf4 21. Rb3 Be6
22. Qh5 Qg5 23. Qxg5 hxg5 24. gxf4 Rxf4 25. Rg3 g4 26. h3 Rbf8 27. f3 Bd4+ 28.
Kh1 Be3 29. Rd1 Bf2 30. Rxg4+ Bxg4 31. fxg4 Bd4 32. e5 Bxe5 33. Ne4 Kh8 34.
Nxd6 Bxd6 35. Rxd6 Rxc4 36. Bxb7 Rf2 37. Rd1 Rb4 38. Bc6 c4 39. Kg1 Ra2 40. b6
axb6 41. axb6 c3 42. b7 c2 43. Rc1 Rb1 44. Kf2 Rab2 45. b8=Q+ Rxb8 46. Rxc2
R1b2 1/2-1/2

[Event "SV Wattenscheid 1 - Klub Kölner SF 1"]
[Site "Oberliga NRW 2014/2015"]
[Date "2015.03.22"]
[Round "8.6"]
[White "Thiel, Thomas"]
[Black "Bonnmann, Reinhard"]
[Result "1-0"]
[WhiteElo "2296"]
[BlackElo "2183"]
[Annotator "Hausrath,Daniel"]
[PlyCount "135"]
[EventDate "2015.??.??"]
[WhiteTeam "SV Wattenscheid 1"]
[BlackTeam "Klub Kölner SF 1"]

1. e4 c5 2. Nc3 Nc6 3. Bb5 g6 4. Bxc6 bxc6 5. d3 d6 6. f4 Bg7 7. Nf3 Nh6 8. O-O
Rb8 9. Kh1 f6 10. Qe1 Nf7 11. e5 O-O 12. exd6 exd6 13. b3 Re8 $11 14. Qd2 Rb7
15. Bb2 Bg4 16. Ng1 Qc8 17. h3 Bf5 18. Nf3 Qd8 19. Rae1 Rbe7 20. Rxe7 Rxe7 21.
Nh4 Bc8 22. Ne4 Re8 23. Qc3 Kh8 24. Qxf6 Bxf6 25. Bxf6+ Qxf6 26. Nxf6 Re2 27.
Rc1 d5 28. Kg1 Kg7 29. Kf1 Re7 30. Ng4 Bxg4 31. hxg4 Nh6 32. g5 Ng4 33. Nf3 h6
34. gxh6+ Kxh6 35. c3 Kh5 36. d4 Re4 37. dxc5 Rxf4 38. Ke2 Re4+ 39. Kd2 Nf6 40.
Rh1+ Kg4 41. Rh6 Kf5 42. Nh4+ Ke6 43. Nxg6 Kf7 44. Nh4 Rg4 45. b4 a5 46. a3
axb4 47. cxb4 Rg3 48. Nf3 Rxg2+ 49. Kd3 Ra2 50. Ne5+ Ke6 51. Ng4 Rxa3+ 52. Ke2
Kf5 53. Nxf6 Kg5 54. Ng8 Ra8 55. Rxc6 Rxg8 56. b5 Kf5 57. b6 Ke4 58. b7 d4 59.
Rc8 d3+ 60. Kf1 d2 61. Ke2 Rg2+ 62. Kd1 Kd3 63. Rd8+ Kc3 64. b8=Q Rg1+ 65. Ke2
Re1+ 66. Kf2 Re8 67. Qg3+ Kc2 68. Qg6+ 1-0

[Event "SV Wattenscheid 1 - Klub Kölner SF 1"]
[Site "Oberliga NRW 2014/2015"]
[Date "2015.03.22"]
[Round "8.7"]
[White "Wisskirchen, Andreas"]
[Black "Hirsch, Stefan"]
[Result "1/2-1/2"]
[WhiteElo "2181"]
[BlackElo "2226"]
[PlyCount "41"]
[EventDate "2015.??.??"]
[WhiteTeam "Klub Kölner SF 1"]
[BlackTeam "SV Wattenscheid 1"]

1. d4 Nf6 2. c4 g6 3. Nc3 Bg7 4. e4 d6 5. Nf3 O-O 6. Be2 Na6 7. O-O e5 8. Be3
Ng4 9. Bg5 f6 10. Bc1 c6 11. d5 c5 12. Ne1 Nh6 13. a3 f5 14. Nd3 Nf7 15. Rb1
Nc7 16. b4 b6 17. f3 f4 18. a4 a5 19. bxa5 bxa5 20. Nb5 Na6 21. Bd2 1/2-1/2

[Event "SV Wattenscheid 1 - Klub Kölner SF 1"]
[Site "Oberliga NRW 2014/2015"]
[Date "2015.03.22"]
[Round "8.8"]
[White "De Weerd, Warner"]
[Black "Pragua, Christoph"]
[Result "1/2-1/2"]
[WhiteElo "2196"]
[BlackElo "1997"]
[PlyCount "73"]
[EventDate "2015.??.??"]
[WhiteTeam "SV Wattenscheid 1"]
[BlackTeam "Klub Kölner SF 1"]

1. d4 Nf6 2. c4 d6 3. Nf3 g6 4. Nc3 Nbd7 5. Bg5 Bg7 6. e3 h6 7. Bh4 O-O 8. Be2
b6 9. b4 a5 10. a3 Bb7 11. O-O axb4 12. axb4 Rxa1 13. Qxa1 Re8 14. Rd1 Ne4 15.
Nxe4 Bxe4 16. Qa4 Nf6 17. d5 Bf5 18. Bxf6 Bxf6 19. Nd4 Bd7 20. Qa7 e5 21. Nc6
Bxc6 22. dxc6 e4 23. Bg4 Be5 24. Bd7 Rf8 25. g3 h5 26. Rd5 Qb8 27. Qb7 Bc3 28.
Rb5 Qd8 29. Qa7 Qf6 30. Qa2 Qf3 31. Rxb6 h4 32. Rb7 h3 33. Bxh3 Qd1+ 34. Kg2
Qf3+ 35. Kg1 Qd1+ 36. Kg2 Qf3+ 37. Kg1 1/2-1/2